Third Eye Blind Songs - Statistics

General Stats
  • This quiz has been taken 74 times
  • The average score is 8 of 16
Answer Stats
Lyrics Song % Correct
I wish you would step back from that ledge, my friend Jumper
97%
I want something else / To get me through this Semi-Charmed Life
95%
There's every good reason for letting you go Never Let You Go
71%
I'm only pretty sure that I can't take anymore / Before you take a swing How's It Going to Be
67%
I remember you and me used to spend / The whole goddamned day in bed Losing a Whole Year
62%
Can I look in faces that I meet Can I get my punk ass off the street Graduate
59%
I'm on a train, but there's no one at the helm Narcolepsy
57%
Can we try and take the high road / Though we don't know where it ends? Crystal Baller
52%
Every thought that I repent / There's another chip you haven't spent God of Wine
52%
Cause when I see you / It's like I'm staring down the sun Blinded
40%
The guy who put his hands on you / Has got nothing to do with me Wounded
38%
Miss Jones taught me English / But I think I just shot her son Slow Motion
37%
If you ever find a way to forgive me / If you ever find a way to put this all to rest Good Man
22%
So put your hands where you want to / Start screaming across the city Dopamine
16%
Swing that blade right through my life / Careful, you could hurt someone Sharp Knife
16%
I drove the coast just to see you / Why'd you take so long? Everything is Easy
14%
No matching quizzes found
Score Distribution
Percent of People with Each Score
Percentile by Number Answered
Your Score History
You have not taken this quiz